000 00536nam#a22002175a#4500
001 2283
008 140424s2013####ag############000#0#und#d
245 1 0 _aEl frasco chico /
_cAna María Shua.
250 _a1ª ed.
260 _aBuenos Aires :
_bColihue,
_c2013.
300 _a144 p. ;
_c18 cm.
020 _a9789876849470
100 1 _aShua, Ana María.
080 _a82-36
084 _aE 59
653 _aNarrativa infantil y juvenil
040 _aAR-ClEAG
_cAR-ClEAG
005 20241107184739.0
003 AR-ClEAG
942 _cBK
999 _c2283
_d2283
980 _62
_aEvangelina Gallicchio
_82
_gEvangelina Gallicchio